000 00305nam a2200121Ia 4500
008 191201s2011 xx 000 0 und d
100 _aSTALLINGS, William
245 0 _aComputer Organization and Architecture
250 _aIMP 2nd
260 _c2011
_bpearson
_aNEW DELHI
300 _a792
942 _2ddc
_cBK
999 _c7772
_d7772